Statistics for Florida Cities Map Quiz

Click here to take the quiz!

General Stats

  • This quiz has been taken 30,350 times
  • The average score is 8 of 14

Answer Stats

Answer % Correct
Miami
88%
Key West
86%
Orlando
73%
Tampa
72%
Jacksonville
67%
Tallahassee
64%
Okeechobee
53%
Palm Beach
53%
Daytona Beach
49%
Cape Canaveral
47%
Gainesville
46%
Pensacola
44%
Panama City
43%
Fort Myers
41%

Score Distribution

Percentile by Number Answered

Percent of People with Each Score

Your Score History

You have not taken this quiz